ثلاثة كتب فى الحروف : للخليل بن احمد وابن السكيت والرازى / (Record no. 36806)
[ view plain ]
| 000 -الفاتح | |
|---|---|
| حقل البيانات ثابتة الطول | 01096nam a2200277Ia 4500 |
| 005 - وقت وتاريخ اخر تعامل مع التسجيلة | |
| رقم الضبط | 20240530103110.0 |
| 008 - عناصر البيانات ثابتة الطول - معلومات عامة | |
| حقل البيانات ثابتة الطول | 140319s9999 xx 000 0 ara d |
| 040 ## - مصدر الفهرسة | |
| وكالة الفهرسة الأصلية | GCL / |
| وكالة النسخ | GCL |
| 082 04 - رقم تصنيف ديوى العشرى | |
| رقم التصنيف | 411.1 |
| رقم المادة | خ ن |
| 100 1# - المدخل الرئيسى - إسم شخصى | |
| الإسم الشخصى | رمضان عبدالتواب |
| 245 10 - بيان العنوان | |
| العنوان | ثلاثة كتب فى الحروف : للخليل بن احمد وابن السكيت والرازى / |
| بيان المسئوليه,etc | رمضان عبدالتواب |
| 260 ## - PUBLICATION, DISTRIBUTION, ETC. (IMPRINT) | |
| تاريخ النشر أو التوزيع | 1982 |
| 300 ## - الوصف المادى | |
| التعداد | 191 ص |
| 490 ## - بيان السلسلة | |
| عنوان السلسلة | سلسلة روائع التراث اللغوى |
| رقم المجلد/ التعيين التسلسلي | 0 |
| 650 04 - المدخل الاضافى بالموضوع-مصطلح موضوعى | |
| مصطلح موضوعي | الكتابة |
| 650 04 - المدخل الاضافى بالموضوع-مصطلح موضوعى | |
| مصطلح موضوعي | اللغة العربية |
| 650 04 - المدخل الاضافى بالموضوع-مصطلح موضوعى | |
| مصطلح موضوعي | البلاغة العربية |
| 650 04 - المدخل الاضافى بالموضوع-مصطلح موضوعى | |
| مصطلح موضوعي | المعاجم |
| 650 04 - المدخل الاضافى بالموضوع-مصطلح موضوعى | |
| مصطلح موضوعي | الدلالة |
| 650 04 - المدخل الاضافى بالموضوع-مصطلح موضوعى | |
| مصطلح موضوعي | الابجدية العربية |
| 700 1# - المدخل الاضافى - اسم شخصى | |
| الإسم الشخصى | الخليل بن احمد : ابو عبدالرحمن الخليل بن احمد بن عمرو بن تميم الفراهيدي 100 - 170 |
| 700 1# - المدخل الاضافى - اسم شخصى | |
| الإسم الشخصى | ابويوسف يعقوب بن اسحاق الرازى |
| 700 1# - المدخل الاضافى - اسم شخصى | |
| الإسم الشخصى | احمد بن محمد بن المظفر |
| 942 ## - عناصر المدخل الإضافي( كوها) | |
| مصدر التصنيف او مخطط الترفيف | Dewey Decimal Classification |
| Koha [default] item type | كتاب |
| 260 ## - PUBLICATION, DISTRIBUTION, ETC. (IMPRINT) | |
| -- | [S.N] : |
| -- | مكتبة الخانجى ، |
| حالة التراجع | حالة الفقد | حالة تلف | ليس للاعارة | المكان المؤقت | الموقع الحالى | تاريخ الاكتساب | اجمالي اﻻعارات | رقم الطلب | الباركود | تاريخ اخر مشاهدة | تاريخ تفعيل السعر | نوع وعاء كوها |
|---|---|---|---|---|---|---|---|---|---|---|---|---|
| مكتبة القاهرة الكبرى | مكتبة القاهرة الكبرى | 03/26/2014 | 411.1\خ ن | 89524 | 03/26/2014 | 03/26/2014 | كتاب | |||||
| مكتبة القاهرة الكبرى | مكتبة القاهرة الكبرى | 03/26/2014 | 411.1\خ ن | 89525 | 03/26/2014 | 03/26/2014 | كتاب |

